<?xml version="1.0" encoding="UTF-8"?>
<record
    xmlns:xsi="http://www.w3.org/2001/XMLSchema-instance"
    xsi:schemaLocation="http://www.loc.gov/MARC21/slim http://www.loc.gov/standards/marcxml/schema/MARC21slim.xsd"
    xmlns="http://www.loc.gov/MARC21/slim">

  <leader>01987nam a2200277   4500</leader>
  <controlfield tag="001">ESSALUD</controlfield>
  <controlfield tag="005">20260703105626.0</controlfield>
  <controlfield tag="007">ta</controlfield>
  <controlfield tag="008">      t        pe ||||| |||| 00| 0 spa d</controlfield>
  <datafield tag="040" ind1=" " ind2=" ">
    <subfield code="a">BMG</subfield>
  </datafield>
  <datafield tag="041" ind1=" " ind2=" ">
    <subfield code="a">spa</subfield>
  </datafield>
  <datafield tag="100" ind1=" " ind2=" ">
    <subfield code="a">Tarazana Pineda, Manolo Narciso </subfield>
    <subfield code="e">Autor</subfield>
    <subfield code="9">53135</subfield>
  </datafield>
  <datafield tag="245" ind1=" " ind2=" ">
    <subfield code="a">&#xBF;Puede presumirse el pago de horas extras cuando el empleador no conserva registros de asistencia de todo el v&#xED;nculo laboral?</subfield>
  </datafield>
  <datafield tag="300" ind1=" " ind2=" ">
    <subfield code="a">p&#xE1;ginas 210-213</subfield>
  </datafield>
  <datafield tag="500" ind1=" " ind2=" ">
    <subfield code="a">Jurisprudencia aplicada</subfield>
  </datafield>
  <datafield tag="520" ind1=" " ind2=" ">
    <subfield code="a">En la pr&#xE1;ctica laboral, los reclamos vinculados al pago de horas extras suelen abarcar
periodos prolongados del v&#xED;nculo de trabajo, especialmente en relaciones laborales
de larga duraci&#xF3;n. En este tipo de controversias, es frecuente que el empleador
ya no conserve los registros de asistencia correspondientes a los primeros
a&#xF1;os de la relaci&#xF3;n, lo que genera dificultades para la acreditaci&#xF3;n del trabajo en
sobretiempo y plantea interrogantes respecto de la distribuci&#xF3;n de la carga probatoria
entre las partes.
En ese contexto, se presenta el problema de determinar si la ausencia de registros
de asistencia permite presumir la realizaci&#xF3;n de horas extras durante todo el
periodo reclamado o si dicha presunci&#xF3;n se encuentra sujeta a l&#xED;mites derivados
de la normativa que regula la conservaci&#xF3;n de documentos laborales. Esta cuesti&#xF3;n
adquiere especial relevancia cuando el reclamo comprende etapas del v&#xED;nculo
respecto de las cuales el empleador ya no ten&#xED;a la obligaci&#xF3;n legal de conservar
dicha documentaci&#xF3;n. 
</subfield>
  </datafield>
  <datafield tag="650" ind1=" " ind2=" ">
    <subfield code="a">SECTOR P&#xDA;BLICO </subfield>
    <subfield code="9">1012</subfield>
  </datafield>
  <datafield tag="650" ind1=" " ind2=" ">
    <subfield code="a">PRESUPUESTO</subfield>
  </datafield>
  <datafield tag="650" ind1=" " ind2=" ">
    <subfield code="a">PAGO DE HORAS EXTRAS</subfield>
    <subfield code="9">53250</subfield>
  </datafield>
  <datafield tag="650" ind1=" " ind2=" ">
    <subfield code="a">PLANILLA </subfield>
    <subfield code="9">53220</subfield>
  </datafield>
  <datafield tag="650" ind1=" " ind2=" ">
    <subfield code="a">SERVIDORES</subfield>
    <subfield code="9">53222</subfield>
  </datafield>
  <datafield tag="650" ind1=" " ind2=" ">
    <subfield code="a">CONTRATACI&#xD3;N</subfield>
  </datafield>
  <datafield tag="650" ind1=" " ind2=" ">
    <subfield code="a">DERECHO LABORAL</subfield>
    <subfield code="9">207</subfield>
  </datafield>
  <datafield tag="773" ind1="0" ind2=" ">
    <subfield code="0">22614</subfield>
    <subfield code="9">22623</subfield>
    <subfield code="d">Lima Grupo Praxis Formaci&#xF3;n Profesional, 2026-</subfield>
    <subfield code="o">PRALAB001</subfield>
    <subfield code="t">Praxis Laboral &amp; Procesal Laboral</subfield>
    <subfield code="w">ESSALUD</subfield>
    <subfield code="x">3119-768X</subfield>
  </datafield>
  <datafield tag="942" ind1=" " ind2=" ">
    <subfield code="c">ARTICULOS</subfield>
    <subfield code="e">2026-07-02</subfield>
    <subfield code="z">SQB</subfield>
  </datafield>
  <datafield tag="999" ind1=" " ind2=" ">
    <subfield code="c">22633</subfield>
    <subfield code="d">22633</subfield>
  </datafield>
</record>
